Kto to powiedział? - Polskie League of Legends - Statystyki

Ogólne statystyki
  • Ten quiz został rozwiązany 216 razy
  • Średni wynik to 12 z 31
Statystyki odpowiedzi
Hint Odpowiedź % Poprawnych
Dwórch Polaków w teamie, prawda? Vander, Amazing... Gucio
92%
JEST KU***AAAA!!! Jankos
84%
Bounty czy lubię? No jest ok... ArQuel
83%
HALO KARTHUS... HALO?!?!? Dis
82%
JOŁ JOŁ JOŁ JOŁ jak wydodżował OSKAR OSKAR... Lewus
75%
KUR***A JAZDA, WIKING!!! AAAA... TOPÓR KUR***A, TOPÓR, TOPORY, GHOST, AAA... Dis
66%
Nie wiem, niewygodnie mi się siedzi, kur***a, zaraz wyłączam streama! Bez kitu. Musiałem przestawić mikrofon, musiałem usiąść inaczej, bo wielmożnym Państwu, kur***a, nigdy nic nie pasuje. Zaraz bez kitu kończę streama. Nie chce mi się streamować już... seryjnie, wyje***ne mam kur***a Mammon
62%
Nie no on i tak nic nie dostanie bo Riot jest spier***ony kur***a, zje***ną firmą są takie są fakty... Rybson
59%
Wjeżdża Melonik! Cztero-osobowy Pop Blossom... Avahir
56%
Smakoje zaje***stie ten pierdolony wafel... YamatoCannon
49%
... jest cieniutki.Tak właściwie,jak kupujecie krojony chleb no to to jest ta grubość... ArQuel
47%
Budźcie matke, budźcie ojca,prababke z trumny wypuśćcie. Tej serii nie możecie przegapić... Avahir
47%
Zamknij ryj ku**a Cinkrof. Idi***to jeb***y... masz mikrofon dla kur***a biednych ludzi... Kubon
43%
Jesteś kur***a Razorkiem. Nie będziesz carry w tej drużynie. Nie powinieneś być. Jeżeli jesteś i team gra przez ciebie, to coś poszło nie tak. Czarny Piotruś
42%
LOL jest bardzo łatwą grą , no i ten no i się oglądałem poradniki Nervariena i Disa i to mi pomogło, to polecam Inspired
41%
Cofnijcie, nie gońcie. Cofnijcie, nie gońcie... Veggie
38%
Myha oni mają dość tych 40 minut.Ago Rogue idzie po 3:0. Ale czy starczy im czasu? Wieże trzeba niszczyć, nexus trzeba niszczyć .... 3:0, 3:0!!!!!!!!!! Silv4n
34%
no kur***a i on nie dodguje no...on kur***a nie dodguje, on nie dodguje, on nie dodguje tym Vladem ... Xayoo
29%
To mały krok dla Legendy, ale 10 kroków w tył dla Polskiego Esportu... Xayoo
28%
Jak widzę, co gracze sobą reprezentują, to myślę, że powinno ich się wieszać. Ewentualnie jakaś kąpiel w betonowych butach, bo nie widzę tu za dużo krawężników... Defles
21%
Legolas, no kur***a jakby ktoś miał wygrać to Legolas. Oglądaliście Władcę Pierścieni? LEGOLAS... on sam wystrzelał tyle Orków i nie chodzi tutaj o innych streamerów z fantastycznych ekspozycji... Veggie
20%
Jest Death Sentence, przewidział tego Flasha, dochodzi Wodziak i to jest drugi zgon dla KOIA i teraz Nero wiemy czemu banujesz Delordowi Tresha... Avahir
16%
To jest dziewczyna a to jest challenger, no... challenger zjada dziewczynę. Bo dziewczyna... co wam da dziewczyna?... Macie prawą rękę, albo lewą jeśli egzotycznie ma być... Jankos
16%
Jeżeli chodzi o status Nite bo to będzie dobra wiadomość. Właśnie minął Piotrków Trybunalski... Trymbi
14%
Mój pierwszy LAN był w 2011 roku. Spałem na wprost ogrzewalni dla bezdomnych, gdzie spali sami alkoholicy i menele... Kubon
13%
A on wtedy się przyznał, że na przykład walił w skarpetę... Hatchy
6%
One też grają w czwórkę? ... Na ch***j czterech supportów w teamie? Paris Platynov
6%
Woolite raz po raz, Czekolad, Trymbi, Zanzarah, Szygenda, wszystkich tych trzeba zaznaczyć.Mimo tego, że w Ultralidze nie udało się zwyciężyć w tym sezonie to w Finale pokazują na co stać Ultraligę i na co stać Polską scenę na scenie Europejskiej Azonh
4%
Mi królik kiedyś wpadł do kibla... Kubon
4%
Ja Apheliosa mam... znaczy tego, jak on miał?... ALZHEIMERA... Czekolad
3%
Shen shen shen... Zamknij mordę i słuchaj... Celaver
2%
Nie znaleziono quizów pasujących do podanych kryteriów
Rozkład punktacji
Procent ludzi z każdym wynikiem
Percentyl według liczby udzielonych odpowiedzi
Twoja historia wyników
Nie rozwiązałeś tego quizu